[Event "ROM-ch U10"]
[Site "Calimanesti Caciulata"]
[Date "2019.04.20"]
[Round "7"]
[White "Voica, Tudor"]
[Black "Baetii, Cristian Teodor"]
[Result "1-0"]
[WhiteElo "1001"]
[BlackElo "1036"]
[PlyCount "97"]
[EventDate "2019.04.15"]
[EventType "swiss"]
[EventRounds "9"]
[EventCountry "ROU"]
[SourceTitle "CBM 190 Extra"]
[Source "ChessBase"]
[SourceDate "2019.07.15"]
[SourceVersion "1"]
[SourceVersionDate "2019.07.15"]
[SourceQuality "1"]

1. d4 d5 2. Nf3 e6 3. g3 Nf6 4. Bg2 Nbd7 5. Nc3 b6 6. b3 Bb7 7. Bb2 Bb4 8. 0-0 c5 9. e3 Ba6 10. Re1 0-0 11. a3 Bxc3 12. Bxc3 Ne4 13. Bb2 Rc8 14. Rc1 c4 15. a4 c3 16. Ba3 Re8 17. b4 Qe7 18. Ra1 Qd8 19. b5 Bb7 20. Qd3 Qc7 21. Rab1 Nd2 22. Nxd2 cxd2 23. Qxd2 Qxc2 24. Qxc2 Rxc2 25. Rbc1 Ra2 26. Ra1 Rc2 27. Rec1 Rec8 28. Bf1 Nf6 29. Bd3 Rd2 30. Rxc8+ Bxc8 31. Rc1 Bd7 32. Bf1 h6 33. Rc7 Kh7 34. Be7 Be8 35. Rxa7 Rc2 36. a5 Ne4 37. axb6 Nd2 38. b7 Rc1 39. Kg2 Nxf1 40. b8Q Bxb5 41. Qxb5 Nd2 42. Qb2 Rc4 43. Qxd2 Kg6 44. Qd3+ Kh5 45. Qe2+ Kg6 46. Qg4+ Kh7 47. Bf6 gxf6 48. Rxf7+ Kh8 49. Qg7# 1-0

[Event "ROM-ch U10"]
[Site "Calimanesti"]
[Date "2018.03.31"]
[Round "6"]
[White "Ilie, Sebastian Gabriel"]
[Black "Baetii, Cristian Teodor"]
[Result "1-0"]
[WhiteElo "1152"]
[BlackElo "1102"]
[PlyCount "35"]
[EventDate "2018.03.27"]
[EventType "swiss"]
[EventRounds "9"]
[EventCountry "ROU"]
[SourceTitle "CBM 183 Extra"]
[Source "ChessBase"]
[SourceDate "2018.04.19"]
[SourceVersion "1"]
[SourceVersionDate "2018.04.19"]
[SourceQuality "1"]

1. d4 d5 2. c4 e6 3. Nc3 Nf6 4. Nf3 Be7 5. Bg5 h6 6. Bf4 0-0 7. e3 c6 8. Bd3 b6 9. 0-0 Nbd7 10. Qe2 Bb7 11. Rad1 Re8 12. Rfe1 Bf8 13. e4 Rc8 14. b3 a5 15. a4 Bb4 16. Bd2 Bd6 17. e5 Be7 18. exf6 1-0

[Event "ROM-ch U10"]
[Site "Calimanesti"]
[Date "2018.03.30"]
[Round "5"]
[White "Baetii, Cristian Teodor"]
[Black "Robu, Denis Andrei"]
[Result "1-0"]
[WhiteElo "1102"]
[BlackElo "1005"]
[PlyCount "25"]
[EventDate "2018.03.27"]
[EventType "swiss"]
[EventRounds "9"]
[EventCountry "ROU"]
[SourceTitle "CBM 183 Extra"]
[Source "ChessBase"]
[SourceDate "2018.04.19"]
[SourceVersion "1"]
[SourceVersionDate "2018.04.19"]
[SourceQuality "1"]

1. e4 e5 2. Nf3 Nc6 3. Bc4 Nf6 4. d3 Bb4+ 5. c3 Ba5 6. 0-0 Nh5 7. Ng5 h6 8. Qxh5 0-0 9. Nxf7 Qf6 10. Nxh6+ Kh8 11. Ng4+ Qh6 12. Nxh6 gxh6 13. Qxh6# 1-0

[Event "ROM-ch U10"]
[Site "Calimanesti"]
[Date "2018.03.27"]
[Round "1"]
[White "Baetii, Cristian Teodor"]
[Black "Mainov, Stefan Gabriel"]
[Result "0-1"]
[WhiteElo "1102"]
[BlackElo "1296"]
[PlyCount "46"]
[EventDate "2018.03.27"]
[EventType "swiss"]
[EventRounds "9"]
[EventCountry "ROU"]
[SourceTitle "CBM 183 Extra"]
[Source "ChessBase"]
[SourceDate "2018.04.19"]
[SourceVersion "1"]
[SourceVersionDate "2018.04.19"]
[SourceQuality "1"]

1. e4 e5 2. Nf3 Nc6 3. Bc4 Nf6 4. d3 Bc5 5. Nc3 h6 6. 0-0 d6 7. Nd5 Nxd5 8. Bxd5 Bd7 9. Nh4 Qxh4 10. Qf3 0-0 11. g3 Qe7 12. Qh5 Be6 13. Bxe6 Qxe6 14. c3 Qg6 15. Qh4 Rae8 16. b4 Bb6 17. a4 a6 18. b5 Na5 19. Bd2 Nb3 20. Rad1 Nc5 21. Be3 Nxa4 22. Bxb6 cxb6 23. f4 f6 0-1